Trávy : pracovní konference ČBS : 22.-23.listopadu 1991, Praha /

Další autoři: Krahulec, František, 1952-, Pyšek, Petr, 1958-, Hrouda, Lubomír, 1945-
Jazyk: Čeština
Vydáno: Praha : Česká botanická společnost, 1996
Edice: Zprávy (Česká botanická společnost). Materiály
Témata:
Externí odkaz: Digitalizovaný dokument
Fyzický popis: 175 s. : il. ; 20 cm
Knihy
Uloženo v:
LEADER 01701nam a2200397 a 4500
001 000254865
003 CZ BrMZK
005 20230612204237.0
007 ta
008 960815s1996 xr f 0 cze d
015 |a cnb001750636 
020 |a 80-254-0865-5  |q (v knize neuvedeno ;  |q brož.) 
035 |a (OCoLC)190420272 
040 |a BOA001  |b cze 
072 7 |a 58  |x Botanika  |2 Konspekt  |9 2 
080 |a 582.542  |2 MRF 
080 |a 581.5  |2 MRF 
080 |a (062.534)  |2 MRF 
245 0 0 |a Trávy :  |b pracovní konference ČBS : 22.-23.listopadu 1991, Praha /  |c František Krahulec, Petr Pyšek, Lubomír Hrouda [eds.]. 
246 3 3 |a Zprávy České botanické společnosti 
260 |a Praha :  |b Česká botanická společnost,  |c 1996 
300 |a 175 s. :  |b il. ;  |c 20 cm 
490 1 |a Zprávy (Česká botanická společnost). Materiály  |v 12  |x 1212-3323 
500 |a Samost. příl. čas.: Zprávy České botanické společnosti; 1996. - Bibliogr. - Souhrny angl. 
650 0 7 |a trávy  |7 ph116500  |2 czenas 
650 0 7 |a ekologie rostlin  |7 ph119819  |2 czenas 
655 7 |a sborníky konferencí  |7 fd133333  |2 czenas 
700 1 |a Krahulec, František,  |d 1952-  |7 jn20000710319  |4 edt 
700 1 |a Pyšek, Petr,  |d 1958-  |7 xx0002620  |4 edt 
700 1 |a Hrouda, Lubomír,  |d 1945-  |7 ola2003198086  |4 edt 
772 0 |t Zprávy České botanické společnosti 
830 0 |a Zprávy (Česká botanická společnost).  |p Materiály  |0 s 
856 4 1 |u http://www.digitalniknihovna.cz/mzk/uuid/uuid:e53b6440-5be5-11e3-ac69-005056827e51  |y Digitalizovaný dokument  |x NDK 
910 |a BOA001  |b 2-1040.008 
990 |a BK 
996 6 |b 2610061642  |c 2-1040.008  |l MZK  |r Sklad / do 1 hodiny  |n 13  |p p.v.  |w 000254865  |u 000010  |a 1  |e BOA001  |j MZK50  |s P